000 00906cam a2200277 a 4500
001 12623684
003 ARRUPE
005 20160816091835.0
008 011218s2001 nyua a 000 1 eng d
010 _a 2001279028
020 _a0448425327
035 _a(OCoLC)ocm48369208
040 _aCLE
_cCLE
_dDLC
042 _alccopycat
_alcac
050 0 0 _aPZ8.3.J158
_bAl 2001
082 0 0 _a[E]
_222
100 1 _aGuthridge, Ian
_925033
245 1 0 _aAll about Christmas :
_ball the things we do at Christmas-where they come from and what they mean... /
_cIan Guthridge.
260 _aPort Melbourne :
_bMedici Publications,
_c1988.
300 _a146p. ;
_c21cm.
521 8 _a"For ages 3 and up"--P. [4] of cover.
650 0 _aChristmas
_925034
906 _a7
_bcbc
_ccopycat
_d2
_encip
_f20
_gy-gencatlg
942 _2lcc
_cMONOGRAPH
999 _c125001
_d125001